| 000 | 00459nam a22001817a 4500 | ||
|---|---|---|---|
| 003 | OSt | ||
| 005 | 20150615102129.0 | ||
| 008 | 150615b xxu||||| |||| 00| 0 eng d | ||
| 040 | _aSEKU | ||
| 050 |
_aQD 456 _b.6 |
||
| 100 | _aS.K Dogra | ||
| 245 | _aPhysical chemistry through problems | ||
| 260 |
_aNew Delhi: _bWiley Eastern Limited, _c1984. |
||
| 300 | _a674p. | ||
| 600 | _aS .Dogra | ||
| 610 |
_vchemistry _xphysical and theoretical |
||
| 942 |
_2lcc _cGEN |
||
| 999 |
_c3956 _d3956 |
||